AN ASSESSMENT OF THE ROLES OF ELECTRONIC PROCUREMENT PERFORMANCE IN BUSINESS IN TEA MANUFACTURING COMPANIES IN KENYA (Record no. 217044)

MARC details
000 -LEADER
fixed length control field 00526nam a22001457a 4500
008 - FIXED-LENGTH DATA ELEMENTS--GENERAL INFORMATION
fixed length control field 260422b |||||||| |||| 00| 0 eng d
050 ## - LIBRARY OF CONGRESS CALL NUMBER
Classification number RES HF 5548.32 .M45 2017
Item number C. 1
100 ## - MAIN ENTRY--PERSONAL NAME
Personal name MEKENYE BENARD ABUYA
245 ## - TITLE STATEMENT
Title AN ASSESSMENT OF THE ROLES OF ELECTRONIC PROCUREMENT PERFORMANCE IN BUSINESS IN TEA MANUFACTURING COMPANIES IN KENYA
Remainder of title A CASE STUDY OF NYANKOBA TEA FACTORY IN KEROKA
260 ## - PUBLICATION, DISTRIBUTION, ETC.
Place of publication, distribution, etc. KISII
Name of publisher, distributor, etc. KSU
Date of publication, distribution, etc. 2017
300 ## - PHYSICAL DESCRIPTION
Extent X, 30P,ILL.
500 ## - GENERAL NOTE
General note INCLUDES REFERENCES
942 ## - ADDED ENTRY ELEMENTS (KOHA)
Source of classification or shelving scheme Library of Congress Classification
Koha item type Reference
Holdings
Withdrawn status Lost status Source of classification or shelving scheme Damaged status Not for loan Collection Home library Current library Shelving location Date acquired Inventory number Total checkouts Full call number Barcode Date last seen Copy number Price effective from Koha item type
    Library of Congress Classification     Special Research Kisii University Library Kisii University Library On Display 04/22/2026 095188   RES HEF 5548.32 .M45 2017 043171 04/22/2026 C.1 04/22/2026 Reference